Major Themes in the Novels of william Golding (Record no. 6365)

MARC details
000 -LEADER
fixed length control field 00790 a2200205 4500
005 - DATE AND TIME OF LATEST TRANSACTION
control field 20080827151134.0
008 - FIXED-LENGTH DATA ELEMENTS--GENERAL INFORMATION
fixed length control field 080827t xxu||||| |||| 00| 0 eng d
010 ## - LIBRARY OF CONGRESS CONTROL NUMBER
LC control number ENG-87297
020 ## - INTERNATIONAL STANDARD BOOK NUMBER
International Standard Book Number 8189228196
Terms of availability 300.00
035 ## - SYSTEM CONTROL NUMBER
System control number EN-70830
037 ## - SOURCE OF ACQUISITION
Source of stock number/acquisition DBAD / PUB
082 ## - DEWEY DECIMAL CLASSIFICATION NUMBER
Classification number 883.08
100 ## - MAIN ENTRY--PERSONAL NAME
Personal name Ahmad, Zamir
245 ## - TITLE STATEMENT
Title Major Themes in the Novels of william Golding
Statement of responsibility, etc by Zamir Ahmad
260 ## - PUBLICATION, DISTRIBUTION, ETC. (IMPRINT)
Place of publication, distribution, etc Jaipur
Name of publisher, distributor, etc Rachna Prakashan
Date of publication, distribution, etc 2006
270 ## - ADDRESS
Address 57, Natani Bhawan, Mishra Rajaji Ka Rasta, Chandpole Bazar,
City Jaipur
Postal code 302 001
300 ## - PHYSICAL DESCRIPTION
Extent iv, 152 p.
Dimensions 22 cm (Hb.)
942 ## - ADDED ENTRY ELEMENTS (KOHA)
Institution code [OBSOLETE] dpl
Koha item type English Books
Call number prefix 883.08/AHM
Source of classification or shelving scheme Dewey Decimal Classification
Classification part 883.08
Call number suffix AHM
Holdings
Withdrawn status Lost status Damaged status Not for loan Home library Current library Date acquired Cost, normal purchase price Total Checkouts Full call number Barcode Date last seen Copy number Uniform Resource Identifier Cost, replacement price Price effective from Koha item type
        D.B.Act.Division D.B.Act.Division 27/08/2008 300.00   883.08 AHM EN-70830 15/09/2008 1 6854 300.00 15/09/2008 English Books

© Delhi Public Library
Hit Counter
free hit counter